Učebnice dějepisu pro nižší třídy středních škol díl III. Novověk od osvícenství až po naše časy

Bibliographic Details
Main Author: Klik, Josef, 1896-1965 (Author)
Format: Book
Language:Czech
PhysicalDescription:194 s. ilustr. 21 cm
Published: Praha Historický klub 1947
Edition:1. vyd.
Subjects:

MARC

LEADER 00000cam a2200000 a 4500
001 vtls009172060
003 SK-MaSNL
005 20260302005536.0
008 250312s1947 xr 000 0 cze
035 |a urn:nbn:sk:snk-am00dbfo 
035 |a urn:nbn:sk:snk-am3hwgn 
035 |a 23764C4D-8853-45F2-873E-66EB5343C882 
040 |a SNK  |b slo  |c SNK  |e AACR2 
041 0 |a cze 
044 |a xr  |c CZ 
080 |a 372.223:93/94  |2 1981 
100 1 |a Klik, Josef,  |d 1896-1965  |4 aut  |9 112457 
245 1 0 |a Učebnice dějepisu pro nižší třídy středních škol  |n díl III.  |p Novověk od osvícenství až po naše časy  |c napsal Josef Klik 
250 |a 1. vyd. 
260 |a Praha  |b Historický klub  |c 1947  |e Hradec Králové  |f Svoboda 
300 |a 194 s.  |b ilustr.  |c 21 cm 
500 |a Podnázov časti: Opakování československých dějin 
650 0 7 |a dejepis  |2 SNKPH  |9 4288 
655 7 |a učebnice stredných škôl  |2 SNKPH  |9 69323 
852 |a Slovenská národná knižnica 
958 |a OND 
999 |c 999868  |d 1001798 
952 |a SNK  |b SNK  |y VYP  |7 0  |p 17A0568644  |o snkSD 5721/3 D1  |i snkF 1594/73  |8 5  |3 rekatalogizácia  |0 0  |1 0  |4 0  |d 2008-01-09  |l 0  |r 2026-02-24 12:16:18  |w 2026-02-24 
952 |a SNK  |b SNK  |y PREZ  |7 0  |p 17A0909379  |o snkSD 5721/3  |i snk2913/47  |0 0  |1 0  |4 0  |d 2018-11-15  |f 1  |l 0  |r 2025-11-13 00:00:00  |w 2026-02-24